5 Most Famous Cities in Suriname on a Map - Statistics

General Stats
  • This quiz has been taken 59 times
  • The average score is 3 of 5
Answers on the Map
Answers color-coded by a green-red scale on the quiz's map according to % correct below.
 
Answer Stats
Wiki Monthly Views Cityquiz Mention Rate Population Answers % Correct
41.36K 28.10% 240.92K Paramaribo
100%
0.99K 0.60% 5.65K Nieuw Amsterdam
49%
1.39K 0.69% 18.66K Lelydorp
39%
1.21K 0.51% 12.82K Nieuw Nickerie
39%
1.42K 0.21% 5.25K Albina
27%
No matching quizzes found
Score Distribution
Percent of People with Each Score
Percentile by Number Answered
Your Score History
You have not taken this quiz